• 首页
  • 本馆介绍
  • 公告通知
  • 最新文献
  • 馆藏检索
  • 电子资源
  • 读者导购
  • 参考咨询
  • 我的图书馆
  • 登录
  • 详细信息显示
  • 放入我的书架
  • 预约/预借图书
  • 作者相关作品
  • 分类相关作品
  • 丛书相关作品
  • 出版社相关作品

书目信息

  • 表格格式
  • 工作单格式
  • 卡片格式
题名:
五万年以前的客人
    
 
作者: 童恩正 著
分册:  
出版信息: 北京   人民文学出版社  1978
页数: 176页
开本: 19cm
丛书名:
单 册:
中图分类: I287.55 , I247.8
科图分类:
主题词: 儿童文学-科学故事--中国--现代--选集 , 科学故事-儿童文学--中国--现代--选集 , 小说--中国
电子资源:
ISBN:
000 00720nam0 2200253 450
001 1537646070
005 20150120102817.56
010    @dCNY0.36
091    @a10019.2678
100    @a19950721d1978 am y0chiy0110 ea
101 0  @achi
102    @aCN@b110000
105    @af z 000fy
200 1  @a五万年以前的客人@9wu wan nian yi qian de ke ren@f童恩正等著
210    @a北京@c人民文学出版社@d1978
215    @a176页@c插图@d19cm
606 0  @a儿童文学-科学故事@y中国@z现代@x选集
606 0  @a科学故事-儿童文学@y中国@z现代@x选集
606 0  @a小说@x中国
690    @aI287.55@v5
690    @aI247.8@v4
701  0 @a童恩正@9tong en zheng@f(1935.8~)@4著
801  0 @aCN@bTSSF@c20150120
905    @aZUCC@dI247.8@eJY22
    
    五万年以前的客人/童恩正等著.-北京:人民文学出版社,1978
    176页:插图;19cm
    
    
    ISBN :CNY0.36
    
●
相关链接 在E读中查询图书 在五车中查询图书 在当当中查询图书 在豆瓣中查询图书


正题名:五万年以前的客人     索取号:I247.8/JY22         预约/预借

序号 登录号 条形码 馆藏地/架位号 状态 备注
1 7836215   278362157   学院路分馆/ [索取号:I247.8/JY22] 在馆    
2 7836216   278362166   学院路分馆/ [索取号:I247.8/JY22] 在馆    
3 7836217   278362175   学院路分馆/ [索取号:I247.8/JY22] 在馆    
4 7836218   278362184   学院路分馆/ [索取号:I247.8/JY22] 在馆    
唐山师范学院图书馆 欢迎您!
大连网信软件有限公司© 版权所有